Score 0/20 Timer 03:00
0 Plays Today
% Correct
Nixon
96.5%
Cheney
94.1%
Gere
92%
van Dyke
91.4%
Martin
91.2%
Simmons
86.2%
Dreyfuss
86%
Gervais
85.6%
Branson
83.8%
Carpenter
83.6%
% Correct
Valens
83.5%
Astley
82.8%
Rodgers
82.7%
Wagner
81.7%
Burton
80.3%
Pryor
78.7%
Petty
76.2%
Starkey
74.9%
Fosbury
70.8%
Whittington
66.2%
Remove Ads.
Support Sporcle.
Get the best of Sporcle when you Go Orange. This ad-free experience offers more features, more stats, and more fun while also helping to support Sporcle. Thank you for becoming a member.

You're not logged in!

Compare scores with friends on all Sporcle quizzes.
OR
Log In

Show Comments

Extras

Top Quizzes Today


Score Distribution

Your Account Isn't Verified!

In order to create a playlist on Sporcle, you need to verify the email address you used during registration. Go to your Sporcle Settings to finish the process.

Report this User

Report this user for behavior that violates our Community Guidelines.

Details: